Идейно-художественные особенности поэзии А.-В. Сулейманова (Запись № 10029983)

Подробности
000 -МАРКЕР
контрольное поле 01698nam0a2200349 i 4500
001 - ИДЕНТИФИКАТОР ЗАПИСИ
контрольное поле RU\NLR\BIBL_A\010473117
005 - ИДЕНТИФИКАТОР ВЕРСИИ
контрольное поле 20260215055444.0
010 ## - МЕЖДУНАРОДНЫЙ СТАНДАРТНЫЙ НОМЕР КНИГИ (ISBN)
Номер (ISBN) 9785990561892
Тираж 100
021 ## - НОМЕР ГОСУДАРСТВЕННОЙ РЕГИСТРАЦИИ
Код страны Российская Федерация
Номер 2014-55908
Номер Листа государственной регистраци 3376
035 ## - ДРУГИЕ СИСТЕМНЫЕ НОМЕРА
Идентификатор записи (NILC)RuMoRGB-007526585
035 ## - ДРУГИЕ СИСТЕМНЫЕ НОМЕРА
Идентификатор записи (NLR Aleph) 010473117
100 ## - ДАННЫЕ ОБЩЕЙ ОБРАБОТКИ
Данные общей обработки 20141007d2014 u y0rusy50 ca
101 0# - ЯЗЫК РЕСУРСА
Язык текста, звукозаписи и т.д. русский
-- кумыкский
102 ## - СТРАНА ПУБЛИКАЦИИ ИЛИ ПРОИЗВОДСТВА
Страна публикации Российская Федерация
105 ## - ПОЛЕ КОДИРОВАННЫХ ДАННЫХ: ТЕКСТОВЫЕ МАТЕРИАЛЫ, МОНОГРАФИЧЕСКИЕ
Кодированные данные о монографическом текстовом документе y|||z|||000yy
200 1# - ЗАГЛАВИЕ И СВЕДЕНИЯ ОБ ОТВЕТСТВЕННОСТИ
Основное заглавие Идейно-художественные особенности поэзии А.-В. Сулейманова
Сведения, относящиеся к заглавию [монография]
Первые сведения об ответственности Магарамова Д. А.
Последующие сведения об ответственности Дагест. гос. пед. ун-т
210 ## - ПУБЛИКАЦИЯ, РАСПРОСТРАНЕНИЕ И ДР.
Место издания, распространения и т.д. Хасавюрт
Имя издателя, распространителя и т. д. [б. и.]
Дата издания, распространения и т.д. 2014
215 ## - ФИЗИЧЕСКАЯ ХАРАКТЕРИСТИКА
Специфическое обозначение материала и объем 135 с.
Размеры 20
300 ## - ОБЩИЕ ПРИМЕЧАНИЯ
Текст примечания Текст на рус. и кумык. яз.
320 ## - ПРИМЕЧАНИЯ О НАЛИЧИИ В ДОКУМЕНТЕ БИБЛИОГРАФИИ / УКАЗАТЕЛЯ
Текст примечания Библиогр.: с. 133-134 (24 назв.) и в примеч. в конце гл.
604 11 - ИМЯ И ЗАГЛАВИЕ КАК ПРЕДМЕТ
Связываемые данные 200#1$aСулейманов$bА.В.Б.$gАбдул Вагаб Бекбулатович$f1909 - 1995
-- 2351#$aПоэзия
Имя лица Сулейманов, Абдул Вагаб Бекбулатович (1909 - 1995)
Заглавие Поэзия
Идентификатор авторитетной/нормативной записи RU\NLR\AUTH\6601570472
Системный номер авторитетной/нормативной записи 2228724
686 1# - ИНДЕКСЫ ДРУГИХ КЛАССИФИКАЦИЙ
Индекс Ш5(2=Кум)7-4Сулейманов
700 #1 - ИМЯ ЛИЦА - ПЕРВИЧНАЯ ОТВЕТСТВЕННОСТЬ
Начальный элемент ввода Магарамова
Часть имени, кроме начального элемента ввода Д. А.
Даты 1956-
Расширение инициалов личного имени Дженет Алевдиновна
Системный номер авторитетной/нормативной записи 144076
Идентификатор авторитетной/нормативной записи RU\NLR\AUTH\770144112
702 #1 - ИМЯ ЛИЦА - ВТОРИЧНАЯ ОТВЕТСТВЕННОСТЬ
Начальный элемент ввода Сулейманов
Часть имени, кроме начального элемента ввода А.-В. Б.
Даты 1909-1995
Расширение инициалов личного имени Абдул-Вагаб Бекбулатович
Системный номер авторитетной/нормативной записи 144079
Идентификатор авторитетной/нормативной записи RU\NLR\AUTH\770144115
801 #0 - ИСТОЧНИК ЗАПИСИ
Страна Российская Федерация
Организация РГБ
Дата составления 20140729
Правила каталогизации RCR
801 #1 - ИСТОЧНИК ЗАПИСИ
Страна Российская Федерация
Организация РГБ
Дата составления 20140729
Источник данных rusmarc
942 ## - ДОПОЛНИТЕЛЬНЫЕ ЭЛЕМЕНТЫ ЗАПИСИ (АБИС)
Тип экземпляра АБИС Книга
980 ## - КОЛЛЕКЦИЯ
Название коллекции НБР

Нет доступных экземпляров.